Guido Gustavo Gozzano : a literary interpretation /

Gorde:
Xehetasun bibliografikoak
Egile nagusia: Gerato, Erasmo Gabrielle
Formatua: Ezezaguna
Hizkuntza:English
Argitaratua: California, Estados Unidos : Studia Humanitatis, 1983.
Gaiak:
Etiketak: Etiketa erantsi
Etiketarik gabe, Izan zaitez lehena erregistro honi etiketa jartzen!

MARC

LEADER 000000000a22000000004500
001 002856
041 0 |a eng 
082 0 4 |a 851.8   |b G358g 
100 1 |a Gerato, Erasmo Gabrielle 
245 1 0 |a Guido Gustavo Gozzano :   |b a literary interpretation /   |c Erasmo Gabrielle Gerato. 
260 1 |a California, Estados Unidos :   |b Studia Humanitatis,   |c 1983. 
300 |a 132 páginas 
650 4 |a GOZZANO, GUSTAVO GUIDO 
650 4 |a BIOGRAFIA 
999 |c 9199  |d 9199 
942 |c BK  |h 851.8 G358g  |2 z